LEADER 01145nam--2200373---450- 001 990001506220203316 005 20100728165845.0 010 $a978-88-492-1518-2 035 $a000150622 035 $aUSA01000150622 035 $a(ALEPH)000150622USA01 035 $a000150622 100 $a20040316d2008----km-y0itay50------ba 101 0 $aita 102 $aIT 105 $aa|||||||001yy 200 1 $a<>arte fuori dal museo$esaggi e interviste$fa cura di Elisabetta Cristallini 210 $aRoma$cGangemi$d2008 215 $a319 p.$cill.$d21 cm 225 2 $aLuxflux proto-type arte contemporanea 410 0$12001$aLuxflux proto-type arte contemporanea 606 0 $aLand art$zSec. 20.-21.$2BNCF 676 $a709.04076 702 1$aCRISTALLINI,$bElisabetta 801 0$aIT$bsalbc$gISBD 912 $a990001506220203316 951 $aXII.2.C. 1957$b223231 L.M.$cXII.2.C.$d00281080 959 $aBK 969 $aUMA 979 $aMARIA$b10$c20040316$lUSA01$h1143 979 $aPATRY$b90$c20040406$lUSA01$h1745 979 $aANNAMARIA$b90$c20100728$lUSA01$h1658 996 $aArte fuori dal museo$9226573 997 $aUNISA LEADER 02540nam 2200673uu 450 001 9910955294303321 005 20251116202839.0 010 $a0-19-772158-3 010 $a1-280-52760-9 010 $a0-19-535793-0 010 $a1-4294-0660-7 024 7 $a10.1093/oso/9780195091816.001.0001 035 $a(CKB)1000000000405158 035 $a(EBL)271372 035 $a(OCoLC)191953042 035 $a(SSID)ssj0000145528 035 $a(PQKBManifestationID)11157521 035 $a(PQKBTitleCode)TC0000145528 035 $a(PQKBWorkID)10156303 035 $a(PQKB)10256740 035 $a(Au-PeEL)EBL271372 035 $a(CaPaEBR)ebr10142292 035 $a(CaONFJC)MIL52760 035 $a(OCoLC)935260408 035 $a(MiAaPQ)EBC271372 035 $a(OCoLC)1406780806 035 $a(StDuBDS)9780197721582 035 $a(EXLCZ)991000000000405158 100 $a19950821e20231995 |y | 101 0 $aeng 135 $aur|n|---||||| 181 $ctxt 182 $cc 183 $acr 200 10$aEllipsis $efunctional heads, licensing, and identification /$fAnne Lobeck 205 $a1st ed. 210 1$aNew York ;$cOxford University Press,$d2023. 215 $a1 online resource (221 p.) 225 1 $aOxford scholarship online 300 $aPreviously issued in print: 1995. 311 08$a0-19-509181-7 320 $aIncludes bibliographical references and index. 327 $a1. Ellipsis in Government-Binding Theory -- 2. Strong Agreement, Licensing, and Identification -- 3. Two Functional Heads in English DP -- 4. Ellipsis in German and French Noun Phrases: The Ellipsis Identification Parameter -- 5. VP Ellipsis in English, French, and German Tensed Clauses -- 6. VP Ellipsis in English Infinitives. 330 8 $aThis treatise elaborates a theory of ellipsis which brings the phenomenon under the aegis of very general and universal principles. It argues that the Empty Category Principle (ECP) constrains the distribution of ellipsis, just as it constrains the distributions of traces and null pronouns. 410 0$aOxford scholarship online. 606 $aGrammar, Comparative and general$xEllipsis 606 $aGenerative grammar 615 0$aGrammar, Comparative and general$xEllipsis. 615 0$aGenerative grammar. 676 $a415 700 $aLobeck$b Anne C.$0622163 801 0$bUk 801 1$bUk 801 2$bStDuBDSZ 801 2$bStDuBDSZ 906 $aBOOK 912 $a9910955294303321 996 $aEllipsis$94525172 997 $aUNINA